Communication Skills/ (Record no. 186896)

MARC details
000 -LEADER
fixed length control field 00584nam a22001817a 4500
005 - DATE AND TIME OF LATEST TRANSACTION
control field 20220322152801.0
010 ## - LCCN (DPL NO)
LC control number ENG-132073
020 ## - INTERNATIONAL STANDARD BOOK NUMBER
International Standard Book Number 9789391766092
Terms of availability 595.00
035 ## - SYSTEM CONTROL NUMBER
System control number EN-115605
037 ## - SOURCE OF ACQUISITION
Source of stock number/acquisition DBAD/PUB
082 ## - DEWEY DECIMAL CLASSIFICATION NUMBER
Classification number 685.45
100 ## - MAIN ENTRY--PERSONAL NAME
Personal name Krishna Kumar Singh
245 ## - TITLE STATEMENT
Title Communication Skills/
Statement of responsibility, etc Krishna Kumar Singh
260 ## - PUBLICATION, DISTRIBUTION, ETC. (IMPRINT)
Place of publication, distribution, etc New Delhi
Name of publisher, distributor, etc Atharv Publications
Date of publication, distribution, etc 2021
270 ## - ADDRESS
Address 110, 1st Floor, Gali No. 4, Harphool Vihar, Bapraula,
City New Delhi
Postal code 110043
Electronic mail address atharvpublications@gmail.com
300 ## - PHYSICAL DESCRIPTION
Extent 186p
Dimensions 22cm(hbk)
942 ## - ADDED ENTRY ELEMENTS (KOHA)
Source of classification or shelving scheme Dewey Decimal Classification
Item type English Books
Call number suffix KRI
Classification part 658.45
Holdings
Withdrawn status Lost status Not for loan Collection code Home library Current library Date acquired Source of acquisition Cost, normal purchase price Full call number Barcode Copy number Cost, replacement price Koha item type
      Non-fiction Patel Nagar Patel Nagar 22/03/2022 DBAD/PUB 595.00 658.45 KRI EN-115605 1 595.00 English Books

© Delhi Public Library
Hit Counter
free hit counter